Pokemon Moves Starting with the Letter M - Statistics

General Stats
  • This quiz has been taken 137 times
    95 since last reset
  • The average score is 43 of 55
Answer Stats
Type Phys/Spec/Status Special Effect Answer % Correct
Electric Status Makes user immune to ground moves for 5 turns Magnet Rise
98%
Ground Physical Power varies by number randomly gotten (4-10) Magnitude
98%
Fighting Physical Positive priority move Mach Punch
96%
Ice Status User and allies immune to stat lowering for 5 turns Mist
94%
Fairy Status Prevents status on grounded Pokemon and reduce dragon power 50% Misty Terrain
94%
Water Special May lower foe Accuracy Muddy Water
94%
Steel Physical May raise users Atk Metal Claw
92%
Steel Status Lowers foe Spec. Def. by 2 stages Metal Sound
92%
Normal Status User uses any random Pokémon move Metronome
92%
Ground Special Lowers foe Accuracy Mud Slap
92%
Ground Status Weakens Electric moves power for 5 turns Mud Sport
92%
Steel Physical Never Misses Magnet Bomb
90%
Grass Special User receives 1/2 inflicted damage as recovery HP Mega Drain
90%
Psychic Status Returns double damage received to foe for any special attack Mirror Coat
90%
Ground Special Lowers foe Speed stat Mud Shot
90%
Normal Physical N/A Mega Punch
88%
Steel Physical May raise users Atk Meteor Mash
88%
Fairy Status Heals user by a weather dependent amount Moonlight
88%
Ground Special May lower foe Accuracy Mud Bomb
88%
Steel Special Lowers user Sp. Atk by 1 stage. Signature of Gholdengo Make It Rain
86%
Dark Status User faints, targets Atk. and Spec. Atk lowered by 2 stages Memento
86%
Normal Status Raises user evasiveness Minimize
86%
Fairy Special May lower foe Spec. Atk Moonblast
86%
Grass Special Never Misses Magical Leaf
84%
Psychic Status Held items lose effects for 5 turns Magic Room
84%
Normal Status Prevents foe from escaping battle or switching out Mean Look
84%
Normal Physical N/A Mega Kick
84%
Normal Status User copies targets last used move into own moveset Mimic
84%
Fire Special Deals recurrent damage to foe for 2-5 turns Magma Storm
82%
Flying Status User does last move of foe Mirror Move
82%
Steel Special May lower foe Accuracy Mirror Shot
80%
Normal Status Heals user by a weather dependent amount Morning Sun
78%
Bug Physical N/A Megahorn
76%
Rock Special Raises user Sp. Atk turn 1, Attacks after Meteor Beam
76%
Psychic Special May lower foe Spec. Atk. Mist Ball
76%
Grass Special Restores 50% of Damage as HP and 20% chance to burn.Signature of Sinistcha Matcha Gotcha
74%
Steel Physical Low priority move, user inflicts 1.5 damage received to foe Metal Burst
74%
Fire Special User takes 1/2 of Max HP damage after use. Signature ofBlacephalon Mind Blown
74%
Fire Special Lower foe Spec. Atk. Mystical Fire
74%
Psychic Status Changes foe type to pure Psychic. Signature of Hatterene Magic Powder
68%
Psychic Status Raise users Atk Meditate
68%
Fighting Physical User must recharge next turn. Signature of Sirfetch'd Meteor Assault
68%
Ghost Special Ignores foe abilities. Signature of Lunala Moongeist Beam
68%
Normal Physical Type chances base on Silvally Memory held Multi-Attack
68%
Psychic Status Reflects status moves back at foe (i.e. leech seed) Magic Coat
64%
Electric Status Raises allies Spec. Def. and Def. if they have Plus or Minus Magnetic Flux
64%
Fighting Status Protects user and allies from damaging moves Mat Block
64%
Normal Status User recovers 1/2 HP. Can also be used on party PKMN in field Milk Drink
64%
Normal Status Gens 1-4, next move has 50% more power. Gens 5 on, targets move is copied by user if faster. Me First
60%
Normal Status Users next attack cannot miss Mind Reader
60%
Fairy Physical 30% Chance of confusion. Signature of Ruchbah Starmobile Magical Torque
54%
Poison Physical Poison foe and remove entry hazards from user side. Signature of Glimmora Mortal Spin
54%
Psychic Special Raises users offensive or defensive stats. Signature of LakeGuardians Mystical Power
54%
Psychic Status Allows Dark type to be hit by Psychic type move Miracle Eye
52%
Ice Physical 30% Chance to flinch. Signature of Hisuian Avalugg Mountain Gale
50%
No matching quizzes found
Score Distribution
Percent of People with Each Score
Percentile by Number Answered
Your Score History
You have not taken this quiz since the last reset